000 00313nam a2200145Ia 4500
100 _aMahambare/Gangadhar
650 _aGeneral
942 _cRB
654 _aLaghuadyog
245 _aLaghuudyogachi Laxmanresha
260 _bIndrayani Sahitya
_aPune
_c1994
300 _a259
546 _aENGLISH
999 _c34665
_d34665